|
|
|
|
| LEADER |
00000naa2a2200000 4500 |
| 001 |
288781 |
| 005 |
20231031235332.0 |
| 035 |
|
|
|a (RuTPU)RU\TPU\book\313265
|
| 035 |
|
|
|a RU\TPU\book\307991
|
| 090 |
|
|
|a 288781
|
| 100 |
|
|
|a 20150327d k y0rusy50 ca
|
| 101 |
0 |
|
|a rus
|
| 102 |
|
|
|a RU
|
| 200 |
1 |
|
|a Активные методы обучения иностранному языку в вузе как способ мотивации студентов
|f А. И. Чудинова
|
| 320 |
|
|
|a [Библиогр.: с. 249 (6 назв.)]
|
| 461 |
|
1 |
|0 (RuTPU)RU\TPU\book\251583
|t Коммуникативные аспекты языка и культуры
|o сборник материалов XI Международной научно-практической конференции студентов и молодых ученых, г. Томск, 18-19 мая 2011 г.
|o в 3 ч.
|f Национальный исследовательский Томский политехнический университет (ТПУ), Институт международного образования и языковой коммуникации (ИМОЯК) ; под ред. С. А. Песоцкой
|d 2011
|
| 463 |
|
1 |
|0 (RuTPU)RU\TPU\book\250410
|t Ч. 1
|v [С. 245-249]
|d 2011
|
| 610 |
1 |
|
|a труды учёных ТПУ
|
| 610 |
1 |
|
|a активные методы обучения
|
| 610 |
1 |
|
|a иностранные языки
|
| 610 |
1 |
|
|a студенты
|
| 610 |
1 |
|
|a мотивация
|
| 700 |
|
1 |
|a Чудинова
|b А. И.
|c лингвист
|c старший преподаватель Томского политехнического университета
|f 1982-
|g Алёна Игоревна
|2 stltpush
|3 (RuTPU)RU\TPU\pers\29194
|
| 801 |
|
1 |
|a RU
|b 63413507
|c 20150211
|
| 801 |
|
2 |
|a RU
|b 63413507
|c 20150327
|g RCR
|
| 942 |
|
|
|c BK
|